Papá Goriot
Sparad:
| Huvudupphovsman: | |
|---|---|
| Materialtyp: | Bok |
| Språk: | spanska |
| Publicerad: |
Santiago
Zig-Zag
1900
|
| Serie: | Biblioteca de novelistas
|
| Ämnen: | |
| Taggar: |
Lägg till en tagg
Inga taggar, Lägg till första taggen!
|
MARC
| LEADER | 00000nam a2200000 a 4500 | ||
|---|---|---|---|
| 001 | UCX3170 | ||
| 003 | CL-VaPUC | ||
| 008 | 911008e19000000CL |||||||||||||||||spa|d | ||
| 082 | 0 | 4 | |a 843 |b BAL |2 21 |
| 100 | |a Balzac, Honoré de |e author |9 265437 | ||
| 245 | 1 | 0 | |a Papá Goriot |
| 300 | |a 308 p | ||
| 942 | |c BK | ||
| 945 | |d 19911008 00:00:00 | ||
| 260 | |a Santiago |b Zig-Zag |c 1900 | ||
| 650 | 0 | |a Novela francesa |9 264985 | |
| 583 | |a last modification |c 19911008 00:00:00 |k Rodrigo Vera | ||
| 490 | 0 | |a Biblioteca de novelistas | |
| 999 | |c 223981 |d 223979 | ||
| 952 | |0 0 |1 0 |4 0 |6 843_000000000000000_BAL_1900 |7 0 |8 P |9 220298 |a BIBEDU |b BIBEDU |c BIBEDU_PB |d 2019-11-15 |i 2890356 |o 843 BAL 1900 |p 2890356 |r 2024-01-25 |w 2019-11-15 |y BK |k LIT | ||